| 000 | 01107nam a22003255a 4500 | ||
|---|---|---|---|
| 001 | 15798225 | ||
| 005 | 20150811125519.0 | ||
| 006 | m||||fq||z| 00| 0 | ||
| 008 | 090630s2010 at ao fre 001 0 eng d | ||
| 020 | _a143549931X | ||
| 020 | _a9781435499317 | ||
| 020 | _a1435438892 | ||
| 040 |
_aEG-ScBUE _beng _cEG-ScBUE |
||
| 082 | 0 | 4 |
_a610.14 _222 _bDEN |
| 100 | 1 |
_aDennerll, Jean Tannis. _930100 |
|
| 245 | 1 | 0 |
_aMedical terminology : _ba programmed systems approach / _cJean Tannis Dennerll, Phyllis E. Davis. |
| 250 | _a10th ed. International ed. | ||
| 260 |
_a[Canberra] : _bDelmar Cengage Learning, _cc.2010. |
||
| 300 |
_axxvii, 659 p. : _bill. (col.) ; _c26 cm. + _e1 CD-ROM (4 3/4 in.) |
||
| 500 | _aIncludes 239 definitions flashcards. | ||
| 500 | _aIncludes Indexes. | ||
| 590 | _ayassmeen ashraf | ||
| 650 | 0 |
_aMedicine _xTerminology _vProgrammed instruction. _930101 _2BUEsh |
|
| 651 | _2BUEsh | ||
| 653 |
_cAugust2015 _bDDent _bPPhrm _bNNUR |
||
| 655 |
_vreading book _934232 |
||
| 700 | 1 |
_aDavis, Phyllis E., _930102 _eauthor. |
|
| 541 | _aDonation from Baccah | ||
| 942 |
_2ddc _cBB |
||
| 999 |
_c16761 _d16761 |
||